| 000 | 00000nas 2200000za 4500 |
| 001 | 9.862318 |
| 003 | CaOODSP |
| 005 | 20221107161003 |
| 007 | cr ||||||||||| |
| 008 | 180924d19631963oncqr p os f0###a0eng|d |
| 022 | # |y0825-3358 |
| 040 | |aCaOODSP|beng |
| 041 | 0 |aeng|afre |
| 043 | |an-cn--- |
| 086 | 1 |aCS32-015-PDF |
| 245 | 00|aQuarterly bread and other bakery products |h[electronic resource] = |bPain et autres produits de la boulangerie, rapport trimestriel. |
| 246 | 11|aPain et autres produits de la boulangerie, rapport trimestriel |
| 260 | |aOttawa : |bDominion Bureau of Statistics, Industry Division, |c1963. |
| 310 | |aQuarterly |
| 362 | 1 |aBegan and ceased with Vol. 1, no. 1, 1963. |
| 500 | |aDigitized edition from print [produced by Statistics Canada]. |
| 500 | |aTitle from caption. |
| 500 | |a"Preliminary = Préliminaire". |
| 530 | |aIssued also in print. |
| 546 | |aText in English and French. |
| 692 | 07|2gccst|aManufacturing industry |
| 692 | 07|2gccst|aFood |
| 710 | 1 |aCanada. |bDominion Bureau of Statistics. |bIndustry Division. |
| 785 | 00|tBread and other bakery products |w(CaOODSP)9.862333 |
| 792 | |tQuarterly bread and other bakery products |efre|w(CaOODSP)9.862317 |